ბათუმის შოთა რუსთაველის სახელმწიფო უნივერსიტეტის ბიბლიოთეკა

The political system of the European Union. (ბიბ.ჩანაწერი № 57907)

000 -LEADER
fixed length control field 00786cam a2200217 a 4500
001 - CONTROL NUMBER
control field 16871599
005 - DATE AND TIME OF LATEST TRANSACTION
control field 20221114152343.0
008 - FIXED-LENGTH DATA ELEMENTS--GENERAL INFORMATION
fixed length control field 110714s2011 enka b 001 0 eng d
020 ## - INTERNATIONAL STANDARD BOOK NUMBER
International Standard Book Number 9780230249820x
041 ## - LANGUAGE CODE
Language code of text/sound track or separate title eng
080 ## - UNIVERSAL DECIMAL CLASSIFICATION NUMBER
Universal Decimal Classification number 321.94 H-65
100 1# - MAIN ENTRY--PERSONAL NAME
Personal name Hix, Simon.
9 (RLIN) 10892
245 14 - TITLE STATEMENT
Title The political system of the European Union.
Statement of responsibility, etc. Simon Hix.
250 ## - EDITION STATEMENT
Edition statement 3rd ed. /
Remainder of edition statement Simon Hix and Bjørn Høyland.
264 ## - PRODUCTION, PUBLICATION, DISTRIBUTION, MANUFACTURE, AND COPYRIGHT NOTICE
Place of production, publication, distribution, manufacture Basingstoke :
Name of producer, publisher, distributor, manufacturer Palgrave Macmillan,
Date of production, publication, distribution, manufacture, or copyright notice 2011.
300 ## - PHYSICAL DESCRIPTION
Extent xv, 400 p. :
Other physical details ill. ;
Dimensions 24 cm.
653 ## - INDEX TERM--UNCONTROLLED
keyword The Political System of the European Union
653 ## - INDEX TERM--UNCONTROLLED
keyword ევროკავშირის პოლიტიკური სისტემა
653 ## - INDEX TERM--UNCONTROLLED
keyword Политическая система Европейского Союза
942 ## - ADDED ENTRY ELEMENTS (KOHA)
Source of classification or shelving scheme
Koha item type წიგნი
ეგზემპლარები
Withdrawn status Lost status Source of classification or shelving scheme Damaged status Not for loan Permanent Location Current Location Shelving location Date acquired Cost, normal purchase price Full call number Barcode Date last seen Copy number Price effective from Koha item type Public note
          ბათუმის შოთა რუსთაველის სახელმწიფო უნივერსიტეტის მთავარი ბიბლიოთეკა ბათუმის შოთა რუსთაველის სახელმწიფო უნივერსიტეტის მთავარი ბიბლიოთეკა წიგნსაცავი 2021-03-31 123.00 321.94 H-65 54098 2021-03-31 54098 2021-03-31 წიგნი 123.00 GEL.
          ბათუმის შოთა რუსთაველის სახელმწიფო უნივერსიტეტის მთავარი ბიბლიოთეკა ბათუმის შოთა რუსთაველის სახელმწიფო უნივერსიტეტის მთავარი ბიბლიოთეკა წიგნსაცავი 2021-03-31 123.00 321.94 H-65 54099 2021-03-31 5499 2021-03-31 წიგნი 123.00 GEL.